Statistiques concernant Chansons Françaises par synonymes

Cliquez ici pour prendre le quiz!

Statistiques générales

  • Ce quiz a été pris 416 fois
  • Le résultat moyen est 9 sur 15

Statistiques - réponses

Année et chanteurSynonymeTitre de chanson% Correct
2003 - KyoUltime chorégraphieDernière danse
85%
2001 - ZazieAvenue sans guerreRue de la paix
83%
1977 - CabrelMinuscule mère de JésusPetite Marie
81%
1985 - GoldmanJe me promène sans personneJe marche seul
78%
1973 - SardouLe virus du kiffLa maladie d'amour
78%
2016 - GimsHabillés pour la première foisSapés comme jamais
74%
1989 - BruelEsplanade des hauts mâlesPlace des grands hommes
73%
2002 - JeniferSous l'astre du jourAu soleil
72%
1964 - HallydayLa prisonLe pénitencier
67%
2007 - MaeJolie jeune filleBelle demoiselle
66%
2017 - LouaneSans bougerImmobile
48%
2013 - DoréLégume "fleur ou de bruxelles" condiment japonaisChou wasabi
39%
1983 - RenaudQuand il y aura de la biseDés que le vent soufflera
37%
2020 - VianneyEn réalitéPour de vrai
24%
1995 - FarmerGrande tailleXXL
21%

Distribution des résultats

Percentile par nombre de réponses

% des personnes avec chaque résultat

Votre développement - résultats

Vous n’avez pas pris ce quiz